Statistics for Country Flags with Eagles - Picture Quiz

Click here to take the quiz!

General Stats

  • This quiz has been taken 12,584 times
  • The average score is 5 of 9

Answer Stats

Country % Correct
Mexico
88%
Albania
88%
Egypt
73%
Serbia
55%
Moldova
48%
Montenegro
46%
Kazakhstan
40%
Zambia
25%
Zimbabwe
24%

Score Distribution

Percentile by Number Answered

Percent of People with Each Score

Your Score History

You have not taken this quiz